000 00408nam a22001817a 4500
003 MPLRDC
005 20220104124100.0
008 210129b ||||| |||| 00| 0 eng d
020 _a9971-975-14-9
082 _a868.8 NZ
100 _a南子
245 _a八方风雨
_c
250 _a初版
260 _a
_b文学书屋
_c1985
300 _b
650 _a新加坡文学
942 _cBK
_o868.8 NZ
999 _c16509
_d16499